Haryana evam Rajasthan ke seemavarti kshetron ke uchchatar madhyamik vidyalon mein vidyaarthi ki saangeetik sthiti: Ek adhyayan (Record no. 9652)

MARC details
000 -LEADER
fixed length control field 00431nam a2200145Ia 4500
008 - FIXED-LENGTH DATA ELEMENTS--GENERAL INFORMATION
fixed length control field 230917s9999||||xx |||||||||||||| ||und||
040 ## - CATALOGING SOURCE
-- 5006392
Original cataloging agency VIVEKANANDA LIBRARY
041 ## - Language
-- English
082 ## - DDC NUMBER
Classification number 780.954 S21H
100 ## - MAIN ENTRY--PERSONAL NAME
Personal name Saini, Manisha
245 #0 - TITLE STATEMENT
Title Haryana evam Rajasthan ke seemavarti kshetron ke uchchatar madhyamik vidyalon mein vidyaarthi ki saangeetik sthiti: Ek adhyayan
260 ## - PUBLICATION, DISTRIBUTION, ETC. (IMPRINT)
Date of publication, distribution, etc 2022
300 ## - PHYSICAL DESCRIPTION
Pages xi, 256 p.
942 ## - ADDED ENTRY ELEMENTS (KOHA)
Koha item type Books
Holdings
Withdrawn status Lost status Damaged status Not for loan Location (home branch) Sublocation or collection (holding branch) Date acquired Koha issues (times borrowed) Koha full call number Accession No. Koha date last seen Koha item type
        VIVEKANANDA LIBRARY VIVEKANANDA LIBRARY 29/11/2022   780.954 S21H 410023 17/09/2023 Books
© Designed and Maintained by Vivekananda Library, MDU Rohtak